Great inventions : Geniuses and gizmos : innovation in our time
| Main Author: | |
|---|---|
| Format: | Book |
| Published: |
New York :
Time Inc ,
2003
|
MARC
| LEADER | 00000cam a2200000 7i4500 | ||
|---|---|---|---|
| 001 | 0000015508 | ||
| 005 | 20050701.0 | ||
| 020 | |a 1932273034 | ||
| 040 | |a INS | ||
| 090 | 0 | 0 | |a T15. |b G786 2003 |
| 100 | 1 | |a Kuauer, Kelly | |
| 245 | 0 | 0 | |a Great inventions : |b Geniuses and gizmos : innovation in our time |c Kelly Kuauer |
| 260 | |a New York : |b Time Inc , |c 2003 | ||
| 300 | |a vip : |b 167p ; |c 29cm. | ||
| 999 | |a 0000015458 |b BOOK |c Open Shelf |e Default branch | ||